| 000 | 00607nam a22002057a 4500 | ||
|---|---|---|---|
| 003 | OSt | ||
| 005 | 20140310183129.0 | ||
| 008 | 130531t xxu||||| |||| 00| 0 eng d | ||
| 020 | _a9719134933 | ||
| 050 |
_aTT 697 _b.F819 1992 |
||
| 082 |
_aFIL 646.437 _bF84 1992 |
||
| 245 |
_aComplete Step-by-Step Guide to Pattern-Making and Sewing of Various Skirt Styles _cFrancisco, Chic R. |
||
| 260 |
_aMetro Manila, Philippines _bGolden Ideas Publishing Inc. _cc1992 |
||
| 300 | _a134 p. | ||
| 521 | _acollege students | ||
| 526 | _c1210L-1700L | ||
| 541 | _j1 | ||
| 562 | _e1 | ||
| 942 |
_2lcc _cBK _kFIL |
||
| 999 |
_c19108 _d19108 |
||